Margaret : a story of life in a prairie home /

Bibliographic Details
Main Author: Lyndon, active 1868-1892
Format: Book
Language:English
Published: New York : Ward & Drummond, 1887

MARC

Tag First Indicator Second Indicator Subfields
LEADER 00000cam a2200000 4500
001 in00000681321
005 20151015170843.0
008 800729c18871868nyu 00011 eng d
035 |a (OCoLC)06566195 
035 |9 ADA0098AM 
040 |a TXA  |c TXA  |d UtOrBLW 
049 |a TXAS  |c [1091307] 
090 |a PZ3.H8734  |b M2l 
100 0 |a Lyndon,  |d active 1868-1892. 
245 1 0 |a Margaret :  |b a story of life in a prairie home /  |c By Lyndon [pseudonym]. 
264 1 |a New York :  |b Ward & Drummond,  |c 1887 
264 4 |c [©1868] 
300 |a 360 pages 
336 |a text  |b txt  |2 rdacontent 
337 |a unmediated  |b n  |2 rdamedia 
338 |a volume  |b nc  |2 rdacarrier 
999 |a MARS 
999 f f |s f62e2ea1-c2ee-3e77-8146-57be7283e294  |i c59fd0f3-5cf3-381c-8345-1f58092857d5  |t 0 
952 f f |p noncirc  |a Texas A&M University  |b College Station  |c Cushing Memorial Library & Archives  |d Cushing: Dykes (Does not check out)  |t 0  |e PZ3.H8734 M2l  |h Library of Congress classification  |i unmediated -- volume  |m A14851900200 
998 f f |a PZ3.H8734 M2l  |t 0  |l Cushing: Dykes (Does not check out)